Вып. 61 : Информатика обработки данных; Алгоритмы

Bibliographic Details
Parent link:Алгоритмы: [сборник статей]/ Академия наук Узбекской ССР (АН УзССР), Институт кибернетики. Вып. 61 : Информатика обработки данных.— , 1970-1990
Other Authors: Пожаров С. Л. (редактор)
Language:Russian
Published: 1986
Subjects:
Format: MixedMaterials Book
KOHA link:https://koha.lib.tpu.ru/cgi-bin/koha/opac-detail.pl?biblionumber=266493

MARC

LEADER 00000nam2a2200000 4500
001 266493
005 20231101234015.0
035 |a (RuTPU)RU\TPU\book\289513 
035 |a RU\TPU\book\271182 
090 |a 266493 
100 |a 20140709d1986 k y0rusy50 ca 
101 0 |a rus 
102 |a UZ 
105 |a a z 001zy 
200 0 |a Вып. 61 : Информатика обработки данных  |f отв. ред. С. Л. Пожаров 
210 |d 1986 
215 |a 69 с.  |c ил. 
320 |a Библиогр. в конце ст. 
461 1 |0 (RuTPU)RU\TPU\book\199495  |t Алгоритмы  |o [сборник статей]  |f Академия наук Узбекской ССР (АН УзССР), Институт кибернетики  |v Вып. 61 : Информатика обработки данных  |d 1970-1990 
606 1 |a Алгоритмы, теория  |2 stltpush  |3 (RuTPU)RU\TPU\subj\58912  |9 76596 
610 1 |a научные исследования 
610 1 |a проектирование 
610 1 |a автоматизация 
610 1 |a автоматизированные системы 
610 1 |a анализ 
610 1 |a информатика 
610 1 |a программные средства 
610 1 |a обработка данных 
675 |a 510.5  |v 3 
686 |a Ч23  |2 rubbk 
702 1 |a Пожаров  |b С. Л.  |4 340 
801 0 |a RU  |b 63413507  |c 19950704  |g psbo 
801 1 |a RU  |b 63413507  |c 20120827 
801 2 |a RU  |b 63413507  |c 20170213  |g RCR 
942 |c BK